| 000 | 01428cam a2200385 i 4500 | ||
|---|---|---|---|
| 001 | 24154 | ||
| 003 | Mx-PuUPA | ||
| 005 | 20250630102155.0 | ||
| 008 | 140415s1995 sp gr 000 0 spa d | ||
| 017 | _aM. 29.971-1995 | ||
| 020 | _a8474903742 | ||
| 040 |
_aMx-PuUPA _bspa _cMx-PuUPA _dMx-PuUPA _erda |
||
| 041 | 1 |
_aspa _heng |
|
| 043 | _ae------ | ||
| 100 | 1 |
_aDawson, Christopher, _d1889-1970, _eautor _96501 |
|
| 240 | 1 | 0 |
_aReligion and the rise of western culture. _lEspañol |
| 245 | 1 | 0 |
_aLa religión y el origen de la cultura occidental / _cChristopher Dawson, traducción, Elena Vela |
| 264 | 1 |
_aMadrid : _bEdiciones Encuentro, _c1995 |
|
| 300 |
_a228 páginas ; _c23 cm |
||
| 336 |
_2rdacontent _atexto _btxt |
||
| 337 |
_2rdamedia _asin medio _bn |
||
| 338 |
_2rdacarrier _avolumen _bnc |
||
| 490 | 0 |
_aEnsayos ; _v90 |
|
| 650 | 7 |
_2armarc _aCivilización _xInfluencias occidentales cristianas |
|
| 650 | 7 |
_2armarc _aCivilización Cristiana |
|
| 650 | 7 |
_2armarc _aCristianismo _zEuropa _yEdad media _xEstudios y conferencias |
|
| 650 | 7 |
_2armarc _aCultura y civilización _zEuropa _yEdad media _xEstudios y conferencias |
|
| 650 | 7 |
_2armarc _aIglesia _xHistoria _yEdad media |
|
| 700 | 1 |
_aVela, Elena, _etraductor |
|
| 765 | 0 |
_aDawson, Christopher, _tReligion and the rise of western culture. |
|
| 942 |
_2ddc _cLI _h274 _iD2618 |
||
| 999 |
_c24154 _d24154 |
||